ბათუმის შოთა რუსთაველის სახელმწიფო უნივერსიტეტის ბიბლიოთეკა

ენობრივი სიტუაცია თანამედროვე საქართველოში : (ბიბ.ჩანაწერი № 54874)

000 -ლიდერი
ფიქსირებული სიგრძის საკონტროლო ველი 02017nam a2200361Ia 4500
001 - საკონტროლო ნომერი
საკონტროლო ველი 21943
003 - საკონტროლო ნომრის იდენტიფიკატორი
საკონტროლო ველი GE_BSU
005 - ბოლო ოპერაციის თარიღი და დრო
საკონტროლო ველი 20220831143759.0
008 - ფიქსირებული სიგრძის მონაცემთა ელემენტები - ზოგადი ინფორმაცია
ფიქსირებული სიგრძის საკონტროლო ველი 181216s2010||||ge |||||||||||||| ||geo||
020 ## - წიგნის საერთაშორისო სტანდარტული ნომერი
International Standard Book Number 9789941025693
040 ## - კატალოგიზაციის წყარო
Transcribing agency GE_BSU
041 ## - ენის კოდი
Language code of text/sound track or separate title geo
080 ## - უნივერსალური ათობითი კლასიფიკაციის ინდექსი
Universal Decimal Classification number 81'27+81'242+811.353.1'282 გ-13
100 ## - მთავარი ჩანაწერი - პიროვნების სახელი
Personal name გაბუნია, კახა
9 (RLIN) 4175
245 ## - ცნობა სათაურის შესახებ
Title ენობრივი სიტუაცია თანამედროვე საქართველოში :
Remainder of title ქართველური ენები /
Statement of responsibility, etc კახა გაბუნია, ლალი ეზუგბაია, ჭაბუკი ქირია ; რედ. მანანა თანდაშვილი.
264 ## - წარმოების, გამოცემის, დისტრიბუციის და სხვა ცნობები
გამოცემის, წარმოების, დისტრიბუციის... ადგილი თბილისი :
გამოცემის, წარმოების, დისტრიბუციის... სახელწოდება საიმედო,
გამოცემის, წარმოების, დისტრიბუციის... თარიღი 2010.
300 ## - ფიზიკური აღწერა
Extent 219 გვ. ;
Dimensions 20 სმ.
504 ## - BIBLIOGRAPHY, ETC. NOTE
Bibliography, etc ბიბლიოგრაფია გვ. : 215-218
653 ## - INDEX TERM--UNCONTROLLED
Uncontrolled term ენათმეცნიერება
653 ## - INDEX TERM--UNCONTROLLED
Uncontrolled term ენობრივი სიტუაცია თანამედროვე საქართველოში :
653 ## - INDEX TERM--UNCONTROLLED
Uncontrolled term ქართველური ენები
653 ## - INDEX TERM--UNCONTROLLED
Uncontrolled term სოციოლინგვისტიკა
653 ## - INDEX TERM--UNCONTROLLED
Uncontrolled term საქართველოს სახელმწიფო ენა
653 ## - INDEX TERM--UNCONTROLLED
Uncontrolled term ენობრივი უმცირესობები საქართველოში
653 ## - INDEX TERM--UNCONTROLLED
Uncontrolled term ბილინგვიზმი საქართველოში
653 ## - INDEX TERM--UNCONTROLLED
Uncontrolled term ქართული ენის დიალექტები
653 ## - INDEX TERM--UNCONTROLLED
Uncontrolled term ქართული ენა
653 ## - INDEX TERM--UNCONTROLLED
Uncontrolled term ქართველური ენები
700 ## - ADDED ENTRY--PERSONAL NAME
Personal name ეზუგბაია, ლალი
Relator term ავტორი
9 (RLIN) 14566
700 ## - ADDED ENTRY--PERSONAL NAME
Personal name ქირია, ჭაბუკი
Relator term ავტორი
9 (RLIN) 14567
700 ## - ADDED ENTRY--PERSONAL NAME
Personal name თანდაშვილი, მანანა
Relator term რედაქტორი
9 (RLIN) 2139
942 ## - ADDED ENTRY ELEMENTS (KOHA)
Koha item type წიგნი
Source of classification or shelving scheme
ეგზემპლარები
ჩამოწერის სტატუსი დაკარგული ეგზემპლარის სტატუსი კლასიფიკაციის წყარო ან თაროზე გაწყობის სქემა დაზიანების სტატუსი არ გაიცემა მუდმივი მდებარეობა (დაცვის ადგილი) ამჟამინდელი ადგილსამყოფელი თაროზე განთავსების ადგილი შეძენის თარიღი ღირებულება, შესყიდვის ნორმალური ფასი სრული შენახვის შიფრი შტრიხკოდი ბოლო ოპერაციის თარიღი ეგზემპლარის მიმდევრობითი ნომერი (კეტერი?) ფასის ძალაში შესვლის თარიღი ეგზემპლარის სახეობა საჯარო შენიშვნა
          ბათუმის შოთა რუსთაველის სახელმწიფო უნივერსიტეტის მთავარი ბიბლიოთეკა ბათუმის შოთა რუსთაველის სახელმწიფო უნივერსიტეტის მთავარი ბიბლიოთეკა წიგნსაცავი 2018-12-17 7.00 81'27+81'242+811.353.1'282 გ-13 56671 2018-12-17 56671 2018-12-17 წიგნი 7.00 ₾.
          ბათუმის შოთა რუსთაველის სახელმწიფო უნივერსიტეტის მთავარი ბიბლიოთეკა ბათუმის შოთა რუსთაველის სახელმწიფო უნივერსიტეტის მთავარი ბიბლიოთეკა წიგნსაცავი 2018-12-17 10.00 81'27+81'242+811.353.1'282 გ-13 56672 2018-12-17 56672 2018-12-17 წიგნი 10.00 ₾.